| 000 | 00561cam a22002291 4500 | ||
|---|---|---|---|
| 001 | 7985025 | ||
| 005 | 20180103033002.0 | ||
| 008 | 920514s1964 nyuach b 000 0 eng | ||
| 010 | _a 64015591 | ||
| 035 | _a(OCoLC)25813280 | ||
| 040 |
_aDLC _cViKeS _dDLC |
||
| 041 | _aeng | ||
| 042 | _apremarc | ||
| 080 | _a330.973 ROB | ||
| 082 | _a330.973 ROB | ||
| 100 | 1 | _a52 | |
| 101 | _aEKO | ||
| 245 | 1 | 0 | _aHistory of the American economy. |
| 504 | _aBibliography: p. 661-677. | ||
| 906 |
_a7 _bcbc _coclcrpl _du _encip _f19 _gy-gencatlg |
||
| 942 |
_2ddc _cBK |
||
| 999 |
_c39590 _d39590 |
||